La contratacin̤ pb︢lica tras la crisis econm̤ica y la nueva LCSP Un estudio jurd̕ico /

Detalles Bibliográficos
Autor principal: Garca̕ Rubio, Fernando
Formato: eBook
Lenguaje:español
Publicado: Madrid: Dykinson, 2018
Materias:
Acceso en línea:Acceso restringido

MARC

LEADER 00000nam a22000007a 4500
005 20180719000521.0
007 cr|||| ||||
008 180719s2018 es |||||s|||| 00||0 spa d
020 |a 978-84-9148-620-6 
035 |a 21854 
040 |a vLex 
090 |c 8049  |d 8049 
100 1 |a Garca̕ Rubio, Fernando 
245 1 2 |a La contratacin̤ pb︢lica tras la crisis econm̤ica y la nueva LCSP  |h [Recurso electrn̤ico] :  |b Un estudio jurd̕ico /  |c Fernando Garca̕ Rubio 
256 |a Servicio en ln̕ea 
260 |a Madrid:  |b Dykinson,  |c 2018 
300 |a 1 recurso electrn̤ico 
506 1 |a Disponible solo en los productos indicados  |d vLex Global  |d vLex Global (Academic Edition, excluding Law Schools)  |d vLex Global (U.S. Academic Edition, Law Schools)  |d vLex Global (U.S. Academic Edition, excluding Law Schools)  |d vLex Global (Academic Edition, Law Schools) 
650 0 4 |a Derecho Pb︢lico y Administrativo  |z Espaą 
740 0 |a vLex Libros (Servicio en ln̕ea) 
856 4 0 |u http://vlex.com/source/contratacion-publica-crisis-economica-nueva-lcsp-estudio-juridico-21854  |z Acceso restringido 
942 |c BOOK 
999 0 |a Public and Administrative Law